[Event "Padova/Monselice Province 70th"]
[Site "Padova"]
[Date "2010.01.16"]
[Round "3.5"]
[White "Scoonhoven, Edgar"]
[Black "Fracasso Pezzolato, Michele"]
[Result "1-0"]
[WhiteElo "1859"]
[BlackElo "1789"]
[PlyCount "51"]
[EventDate "2010.01.15"]
[EventType "swiss"]
[EventRounds "5"]
[EventCountry "ITA"]
[SourceTitle "EXT 2024"]
[Source "ChessBase"]
[SourceDate "2023.10.10"]
[SourceVersion "1"]
[SourceVersionDate "2023.10.10"]
[SourceQuality "1"]

1. d4 f5 2. c4 g6 3. g3 Bg7 4. Bg2 Nf6 5. Nc3 d6 6. Nf3 0-0 7. 0-0 Qe8 8. d5 a5 9. Rb1 Na6 10. Nd4 Bd7 11. b3 Kh8 12. e4 fxe4 13. Nxe4 Nxe4 14. Bxe4 Nc5 15. Bg2 c6 16. Bb2 Rc8 17. Qd2 cxd5 18. cxd5 b5 19. Rbe1 e5 20. dxe6 Nxe6 21. Nxe6 Bxe6 22. Bxg7+ Kxg7 23. Qd4+ Rf6 24. Bd5 Kf7 25. Rxe6 Rxe6 26. Re1 1-0